[Event "ETCC Open 2023"]
[Site "Budva"]
[Date "2023.11.18"]
[Round "7.55"]
[White "Draganic, Veljko"]
[Black "Jobava, Baadur"]
[Result "0-1"]
[WhiteElo "2294"]
[BlackElo "2568"]
[Annotator "RC"]
[PlyCount "80"]
[EventDate "2023.11.10"]
[EventType "team-tourn"]
[EventCountry "MNE"]
[SourceTitle "playchess.com"]
[Source "ChessBase"]
[SourceQuality "1"]
[WhiteTeam "Montenegro"]
[BlackTeam "Georgia"]
[WhiteTeamCountry "MNE"]
[BlackTeamCountry "GEO"]

1. e4 c6 2. d4 d5 3. Nc3 g6 4. Nf3 Bg7 5. h3 Nh6 6. Bd3 O-O 7. O-O f6 8. Re1 Nf7 9. exd5 cxd5 10. Bf4 Nc6 11. Bg3 a6 12. Bf1 b5 13. a3 Ra7 14. Qd2 Bh6 15. Qe2 g5 16. Rad1 g4 17. Nh4 gxh3 18. gxh3 Kh8 19. Qh5 e6 20. Bg2 f5 21. Nf3 Qf6 22. Ne2 f4 23. Bh4 Qg7 24. Kh1 Nd6 25. Rg1 Rf5 26. Qg4 Qf8 27. Ne5 Rg7 28. Qf3 Nxe5 29. dxe5 Rxe5 30. Nd4 Bg5 31. Bxg5 Rexg5 32. Qc3 e5 33. Nf3 Ne4 34. Qe1 Rh5 35. Nh2 Rxg2 36. Rxg2 Bxh3 37. Rg1 f3 38. Rxd5 Bg2+ 39. Rxg2 fxg2+ 40. Kxg2 Qg8+ 0-1

[Event "ETCC Open 2023"]
[Site "Budva"]
[Date "2023.11.18"]
[Round "7.56"]
[White "Quparadze, Giga"]
[Black "Miletic, Vuk"]
[Result "*"]
[WhiteElo "2490"]
[BlackElo "2190"]
[Annotator "RC"]
[PlyCount "106"]
[EventDate "2023.11.10"]
[EventType "team-tourn"]
[EventCountry "MNE"]
[SourceTitle "playchess.com"]
[Source "ChessBase"]
[SourceQuality "1"]
[WhiteTeam "Georgia"]
[BlackTeam "Montenegro"]
[WhiteTeamCountry "GEO"]
[BlackTeamCountry "MNE"]

1. e4 c5 2. Nf3 Nc6 3. Bb5 g6 4. Bxc6 dxc6 5. d3 Bg7 6. O-O Nf6 7. Re1 O-O 8. h3 Re8 9. e5 Nd5 10. Nbd2 h6 11. Ne4 b6 12. Bd2 Kh7 13. a3 a5 14. Qe2 Nc7 15. h4 f5 16. Neg5+ hxg5 17. Nxg5+ Kg8 18. h5 Qd4 19. h6 Bxh6 20. Nf3 Qg4 21. Bxh6 Ne6 22. Qe3 Kf7 23. d4 Rh8 24. Ng5+ Nxg5 25. Bxg5 Be6 26. dxc5 bxc5 27. f3 Qd4 28. Red1 Qxe3+ 29. Bxe3 c4 30. a4 Bd5 31. Kf2 Ke6 32. Bd4 Rh4 33. Bc3 Kd7 34. Rh1 Rxh1 35. Rxh1 c5 36. Rh4 Ke6 37. Ke3 g5 38. Rh6+ Kd7 39. Rg6 Rg8 40. Ra6 g4 41. e6+ Bxe6 42. Rxa5 gxf3 43. gxf3 Rc8 44. Be5 Bd5 45. f4 Be4 46. Ra7+ Ke6 47. Ra6+ Kd7 48. Ra7+ Ke6 49. Kd2 Ra8 50. Rc7 Rxa4 51. Rxc5 Bd5 52. Kc3 Ra8 53. Kd4 Rd8 *

[Event "ETCC Open 2023"]
[Site "Budva"]
[Date "2023.11.18"]
[Round "7.57"]
[White "Georgiadis, Nico"]
[Black "Dardha, Daniel"]
[Result "0-1"]
[WhiteElo "2556"]
[BlackElo "2575"]
[Annotator "RC"]
[PlyCount "58"]
[EventDate "2023.11.10"]
[EventType "team-tourn"]
[EventCountry "MNE"]
[SourceTitle "playchess.com"]
[Source "ChessBase"]
[SourceQuality "1"]
[WhiteTeam "Switzerland"]
[BlackTeam "Belgium"]
[WhiteTeamCountry "SUI"]
[BlackTeamCountry "BEL"]

1. e4 e5 2. Nf3 Nc6 3. Bb5 Nf6 4. d3 Ne7 5. Bc4 c6 6. a4 Ng6 7. h4 h5 8. Bg5 d5 9. exd5 cxd5 10. Bb5+ Bd7 11. O-O a6 12. Bxd7+ Qxd7 13. Nxe5 Nxe5 14. Re1 Nfg4 15. d4 f6 16. Bf4 O-O-O 17. dxe5 Bc5 18. Bg3 fxe5 19. Nd2 Rhf8 20. Re2 Rf6 21. c4 Nxf2 22. Bxf2 Rxf2 23. Rxf2 dxc4 24. Qxh5 Bxf2+ 25. Kxf2 Qxd2+ 26. Kg1 Qxb2 27. Re1 Qd4+ 28. Kh2 Qf4+ 29. Kh1 g6 0-1

[Event "ETCC Open 2023"]
[Site "Budva"]
[Date "2023.11.18"]
[Round "7.58"]
[White "Glek, Igor"]
[Black "Bogner, Sebastian"]
[Result "0-1"]
[WhiteElo "2435"]
[BlackElo "2536"]
[Annotator "RC"]
[PlyCount "92"]
[EventDate "2023.11.10"]
[EventType "team-tourn"]
[EventCountry "MNE"]
[SourceTitle "playchess.com"]
[Source "ChessBase"]
[SourceQuality "1"]
[WhiteTeam "Belgium"]
[BlackTeam "Switzerland"]
[WhiteTeamCountry "BEL"]
[BlackTeamCountry "SUI"]

1. e4 c5 2. Nf3 d6 3. d4 cxd4 4. Nxd4 Nf6 5. Nc3 a6 6. a4 e5 7. Nf3 h6 8. g3 Be7 9. Bg2 O-O 10. O-O Nc6 11. Re1 Qc7 12. h3 Bd7 13. Nd5 Nxd5 14. exd5 Na5 15. b3 Rae8 16. Ba3 Bd8 17. Nd2 f5 18. Bf1 b5 19. axb5 axb5 20. Bb4 Nb7 21. c4 Qb6 22. Rb1 e4 23. cxb5 e3 24. fxe3 Rxe3 25. Rxe3 Qxe3+ 26. Kh1 Qxg3 27. Qf3 Qh4 28. Nc4 Bxb5 29. Bxd6 Nxd6 30. Nxd6 Bd7 31. Nc4 Re8 32. Rd1 Re4 33. Bg2 Bg5 34. Nb6 Re3 35. Qf1 Bb5 36. Nc4 Bf4 37. Rd4 Re1 38. Rxf4 Rxf1+ 39. Rxf1 g6 40. Rd1 Qg3 41. Ra1 f4 42. Ne5 Qc3 43. Ra8+ Kg7 44. Ra7+ Kf6 45. Ng4+ Kg5 46. Rf7 Kh4 0-1

[Event "ETCC Open 2023"]
[Site "Budva"]
[Date "2023.11.18"]
[Round "7.59"]
[White "Pelletier, Yannick"]
[Black "Lenaerts, Lennert"]
[Result "*"]
[WhiteElo "2505"]
[BlackElo "2322"]
[Annotator "RC"]
[PlyCount "70"]
[EventDate "2023.11.10"]
[EventType "team-tourn"]
[EventCountry "MNE"]
[SourceTitle "playchess.com"]
[Source "ChessBase"]
[SourceQuality "1"]
[WhiteTeam "Switzerland"]
[BlackTeam "Belgium"]
[WhiteTeamCountry "SUI"]
[BlackTeamCountry "BEL"]

1. Nf3 d5 2. g3 Nf6 3. Bg2 e6 4. O-O Be7 5. b3 O-O 6. Bb2 c5 7. e3 Nc6 8. d4 b6 9. Ne5 Bb7 10. Nd2 Qc7 11. f4 Rad8 12. Qe2 Nb8 13. Rac1 Ne4 14. Nxe4 dxe4 15. c4 f6 16. Ng4 Nc6 17. Rcd1 cxd4 18. exd4 Nxd4 19. Bxd4 Rxd4 20. Rxd4 Bc5 21. Nf2 Bxd4 22. Bxe4 e5 23. Bxb7 Qxb7 24. Rd1 Rd8 25. Kf1 g6 26. Qe4 Qxe4 27. Nxe4 exf4 28. Nc3 f5 29. Nd5 fxg3 30. hxg3 Rxd5 31. cxd5 Bf6 32. Rc1 Be5 33. Kg2 Kf7 34. Rc6 h5 35. b4 f4 *

[Event "ETCC Open 2023"]
[Site "Budva"]
[Date "2023.11.18"]
[Round "7.60"]
[White "Roos, Adrian"]
[Black "Kurmann, Oliver"]
[Result "1-0"]
[WhiteElo "2240"]
[BlackElo "2436"]
[Annotator "RC"]
[PlyCount "119"]
[EventDate "2023.11.10"]
[EventType "team-tourn"]
[EventCountry "MNE"]
[SourceTitle "playchess.com"]
[Source "ChessBase"]
[SourceQuality "1"]
[WhiteTeam "Belgium"]
[BlackTeam "Switzerland"]
[WhiteTeamCountry "BEL"]
[BlackTeamCountry "SUI"]

1. d4 Nf6 2. Nf3 e6 3. g3 b6 4. Bg2 Bb7 5. O-O Be7 6. c4 O-O 7. Nc3 Ne4 8. Bd2 f5 9. d5 Bf6 10. Rc1 Na6 11. Ne1 Nac5 12. b4 Nxc3 13. Bxc3 Ne4 14. Bxe4 fxe4 15. Ng2 Bxc3 16. Rxc3 Qf6 17. Qd2 Qe5 18. Ne3 Rf7 19. f4 exf3 20. exf3 Re8 21. f4 Qe4 22. Ng2 Rff8 23. Re1 Qg6 24. Rce3 exd5 25. cxd5 Rxe3 26. Rxe3 Re8 27. f5 Qf7 28. Nf4 Kf8 29. Rxe8+ Qxe8 30. Qd4 Qe1+ 31. Kg2 c6 32. Kh3 Qe7 33. d6 Qg5 34. Qe5 Kf7 35. g4 Qf6 36. Qxf6+ Kxf6 37. Nh5+ Ke5 38. Nxg7 Kxd6 39. f6 c5 40. bxc5+ bxc5 41. Nf5+ Ke6 42. f7 Kxf7 43. Nd6+ Kg6 44. Nxb7 c4 45. Kg3 c3 46. Nc5 h5 47. Nxd7 c2 48. Ne5+ Kg5 49. h4+ Kf6 50. Nd3 hxg4 51. Kxg4 Kg6 52. h5+ Kh6 53. Kh4 Kh7 54. Kg5 Kg7 55. h6+ Kh7 56. Kh5 a5 57. Kg5 a4 58. Kh5 a3 59. Kg5 Kg8 60. Kf4 1-0

[Event "ETCC Open 2023"]
[Site "Budva"]
[Date "2023.11.18"]
[Round "7.61"]
[White "Saraci, Nderim"]
[Black "Nikolovski, Nikola"]
[Result "*"]
[WhiteElo "2466"]
[BlackElo "2405"]
[Annotator "RC"]
[PlyCount "47"]
[EventDate "2023.11.10"]
[EventType "team-tourn"]
[EventCountry "MNE"]
[SourceTitle "playchess.com"]
[Source "ChessBase"]
[SourceQuality "1"]
[WhiteTeam "Kosovo"]
[BlackTeam "Macedonia"]
[WhiteTeamCountry "KOS"]
[BlackTeamCountry "MKD"]

1. e4 e6 2. d4 d5 3. Nc3 Bb4 4. exd5 exd5 5. Bd3 Nc6 6. Nf3 Nge7 7. O-O Bf5 8. Bxf5 Nxf5 9. Re1+ Nce7 10. Qd3 O-O 11. Bd2 Nd6 12. Rxe7 Bxc3 13. Ng5 g6 14. Qh3 h5 15. Rd7 Bxd2 16. Rxd8 Raxd8 17. Nf3 Bh6 18. Re1 Nf5 19. Re5 Nd6 20. Rxd5 Bg7 21. g4 hxg4 22. Qxg4 Rfe8 23. h4 c6 24. Ra5 *

[Event "ETCC Open 2023"]
[Site "Budva"]
[Date "2023.11.18"]
[Round "7.62"]
[White "Pancevski, Filip"]
[Black "Uruci, Endrit"]
[Result "1-0"]
[WhiteElo "2441"]
[BlackElo "2315"]
[Annotator "RC"]
[PlyCount "129"]
[EventDate "2023.11.10"]
[EventType "team-tourn"]
[EventCountry "MNE"]
[SourceTitle "playchess.com"]
[Source "ChessBase"]
[SourceQuality "1"]
[WhiteTeam "Macedonia"]
[BlackTeam "Kosovo"]
[WhiteTeamCountry "MKD"]
[BlackTeamCountry "KOS"]

1. c4 e5 2. g3 Nf6 3. Bg2 Nc6 4. Nc3 Bb4 5. Nd5 Bc5 6. e3 Nxd5 7. cxd5 Ne7 8. Ne2 c6 9. Nc3 d6 10. d4 exd4 11. exd4 Bb4 12. dxc6 bxc6 13. Qa4 Qb6 14. O-O O-O 15. Bf4 Ba6 16. Rfe1 d5 17. a3 Bxc3 18. bxc3 Ng6 19. Bd6 Rfd8 20. Bc5 Qb7 21. Rab1 Bb5 22. Qc2 Qa6 23. Re3 Nf8 24. Bh3 Re8 25. Rbe1 Rxe3 26. Rxe3 Qa4 27. Qxa4 Bxa4 28. Bg4 a5 29. h4 Bb5 30. h5 h6 31. Re7 Nh7 32. Bd1 a4 33. g4 Nf6 34. f3 Re8 35. Kf2 Rxe7 36. Bxe7 Nd7 37. Bc2 f6 38. Bg6 Nf8 39. Be8 Ne6 40. Bd6 Ng5 41. Ke3 Ne6 42. Kf2 Ng5 43. Kg3 Ne6 44. f4 Nf8 45. Kh3 Nh7 46. Kh4 Kh8 47. Bf7 Bc4 48. Kg3 Be2 49. Be6 Bd3 50. Be7 Bc4 51. Kf3 Bd3 52. Ke3 Bb5 53. Kd2 Bc4 54. Kd1 Bb5 55. Ke1 Bc4 56. Kd2 Bb5 57. Bf7 Ba6 58. Be8 Bb5 59. c4 Bxc4 60. Bxc6 Bb3 61. Bd7 Kg8 62. Be6+ Kh8 63. Kc3 f5 64. Bxf5 Nf6 65. Bxf6 1-0

[Event "ETCC Open 2023"]
[Site "Budva"]
[Date "2023.11.18"]
[Round "7.63"]
[White "Asllani, Muhamet"]
[Black "Lazov, Toni"]
[Result "0-1"]
[WhiteElo "2216"]
[BlackElo "2377"]
[Annotator "RC"]
[PlyCount "108"]
[EventDate "2023.11.10"]
[EventType "team-tourn"]
[EventCountry "MNE"]
[SourceTitle "playchess.com"]
[Source "ChessBase"]
[SourceQuality "1"]
[WhiteTeam "Kosovo"]
[BlackTeam "Macedonia"]
[WhiteTeamCountry "KOS"]
[BlackTeamCountry "MKD"]

1. d4 Nf6 2. c4 g6 3. Nc3 Bg7 4. e4 d6 5. Be2 O-O 6. Be3 Na6 7. f3 c5 8. d5 e6 9. g4 exd5 10. cxd5 Nc7 11. Qd2 Rb8 12. h4 Re8 13. h5 b5 14. hxg6 fxg6 15. a4 a6 16. axb5 axb5 17. Ra7 b4 18. Nd1 Rb7 19. Rxb7 Bxb7 20. Bh6 Bh8 21. Ne3 Qe7 22. Nh3 Ra8 23. Nf2 Ra1+ 24. Nfd1 Nd7 25. Kf2 Ne5 26. f4 Nf7 27. Bf3 Nxh6 28. Rxh6 Qf8 29. Nf5 gxf5 30. g5 Bg7 31. Rh4 Nb5 32. exf5 Qxf5 33. Qe2 Nd4 34. Qe8+ Qf8 35. Qh5 Nxf3 36. Qxh7+ Kf7 37. Qh5+ Kg8 38. Qh7+ Kf7 39. Qh5+ Ke7 40. Qxf3 Qf5 41. Ne3 Bd4 42. Kg3 Bxe3 43. Qxe3+ Kd7 44. Rh8 Ra8 45. Qe6+ Qxe6 46. dxe6+ Kxe6 47. Rh6+ Kd5 48. g6 Rg8 49. Kg4 c4 50. Kg5 c3 51. bxc3 bxc3 52. Rh2 Kd4 53. f5 Be4 54. Rh7 Rc8 0-1

[Event "ETCC Open 2023"]
[Site "Budva"]
[Date "2023.11.18"]
[Round "7.64"]
[White "Veljanoski, Andrej"]
[Black "Saraci, Korab"]
[Result "*"]
[WhiteElo "2289"]
[BlackElo "2200"]
[Annotator "RC"]
[PlyCount "57"]
[EventDate "2023.11.10"]
[EventType "team-tourn"]
[EventCountry "MNE"]
[SourceTitle "playchess.com"]
[Source "ChessBase"]
[SourceQuality "1"]
[WhiteTeam "Macedonia"]
[BlackTeam "Kosovo"]
[WhiteTeamCountry "MKD"]
[BlackTeamCountry "KOS"]

1. e4 d6 2. d4 g6 3. h4 Nf6 4. Nc3 c6 5. a4 Bg7 6. f3 O-O 7. Be3 e5 8. dxe5 dxe5 9. Bc4 Qe7 10. Qe2 Rd8 11. Qf2 b6 12. Nge2 Be6 13. Bxe6 Qxe6 14. a5 Nbd7 15. O-O Rab8 16. Nc1 Bf8 17. Nd3 c5 18. axb6 axb6 19. b3 Qc6 20. Na4 c4 21. bxc4 Qxc4 22. Nxb6 Nxb6 23. Bxb6 Rdc8 24. Be3 Rb5 25. Rfc1 Nh5 26. Ra7 Nf4 27. Bxf4 exf4 28. Rd7 Ra5 29. Qd4 *

[Event "ETCC Open 2023"]
[Site "Budva"]
[Date "2023.11.18"]
[Round "7.65"]
[White "Tomic, Aleksandar"]
[Black "Pasko, Llambi"]
[Result "0-1"]
[WhiteElo "2411"]
[BlackElo "2395"]
[Annotator "RC"]
[PlyCount "78"]
[EventDate "2023.11.10"]
[EventType "team-tourn"]
[EventCountry "MNE"]
[SourceTitle "playchess.com"]
[Source "ChessBase"]
[SourceQuality "1"]
[WhiteTeam "Montenegro"]
[BlackTeam "Albania"]
[WhiteTeamCountry "MNE"]
[BlackTeamCountry "ALB"]

1. d4 d5 2. c4 e6 3. Nf3 Nf6 4. g3 c6 5. Bg2 Bd6 6. Qc2 Nbd7 7. Nbd2 O-O 8. O-O Re8 9. b3 Qe7 10. Bb2 Ba3 11. Bxa3 Qxa3 12. e4 dxe4 13. Nxe4 Nxe4 14. Qxe4 a5 15. Qe3 a4 16. Qc3 b6 17. Rfd1 Bb7 18. Ne1 e5 19. Nc2 Qe7 20. b4 Rab8 21. c5 e4 22. Ne3 Nf6 23. Nf5 Qe6 24. Nd6 Re7 25. Re1 Nd5 26. Qc2 f5 27. Qxa4 Qf6 28. Qb3 Bc8 29. Nxc8 Rxc8 30. b5 Rb7 31. Bf1 bxc5 32. dxc5 f4 33. Rad1 e3 34. fxe3 fxg3 35. hxg3 Rf7 36. bxc6 Qf2+ 37. Kh1 Rxc6 38. Bh3 Rh6 39. Qb8+ Rf8 0-1

[Event "ETCC Open 2023"]
[Site "Budva"]
[Date "2023.11.18"]
[Round "7.66"]
[White "Mehmeti, Dritan"]
[Black "Sukovic, Andrej"]
[Result "*"]
[WhiteElo "2377"]
[BlackElo "2382"]
[Annotator "RC"]
[PlyCount "67"]
[EventDate "2023.11.10"]
[EventType "team-tourn"]
[EventCountry "MNE"]
[SourceTitle "playchess.com"]
[Source "ChessBase"]
[SourceQuality "1"]
[WhiteTeam "Albania"]
[BlackTeam "Montenegro"]
[WhiteTeamCountry "ALB"]
[BlackTeamCountry "MNE"]

1. e4 e6 2. d4 d5 3. Nc3 Bb4 4. exd5 Qxd5 5. Nf3 Nf6 6. Be2 b6 7. O-O Bxc3 8. bxc3 Ba6 9. Bxa6 Nxa6 10. Qd3 Nb8 11. Re1 O-O 12. c4 Qh5 13. a4 Nbd7 14. a5 c5 15. c3 Rfd8 16. Bf4 Rac8 17. h3 Qg6 18. Qe2 Qf5 19. Bg5 h6 20. Bh4 g5 21. g4 Qg6 22. Bg3 cxd4 23. cxd4 b5 24. Ne5 Qh7 25. cxb5 Rc2 26. Qf3 Nd5 27. Nxd7 Rxd7 28. Reb1 Rc3 29. Qe2 Rxg3+ 30. fxg3 Nc3 31. Qf1 Nxb1 32. Rxb1 Qe4 33. b6 axb6 34. axb6 *

[Event "ETCC Open 2023"]
[Site "Budva"]
[Date "2023.11.18"]
[Round "7.67"]
[White "Pecurica, Milos"]
[Black "Ashiku, Franc"]
[Result "*"]
[WhiteElo "2342"]
[BlackElo "2396"]
[Annotator "RC"]
[PlyCount "57"]
[EventDate "2023.11.10"]
[EventType "team-tourn"]
[EventCountry "MNE"]
[SourceTitle "playchess.com"]
[Source "ChessBase"]
[SourceQuality "1"]
[WhiteTeam "Montenegro"]
[BlackTeam "Albania"]
[WhiteTeamCountry "MNE"]
[BlackTeamCountry "ALB"]

1. d4 d5 2. c4 e6 3. Nf3 Nf6 4. g3 Bb4+ 5. Nbd2 dxc4 6. Bg2 b5 7. Ne5 Nd5 8. O-O O-O 9. a3 Be7 10. b3 f6 11. Nef3 cxb3 12. Qxb3 a5 13. Qxb5 Ba6 14. Qb3 c5 15. Rd1 a4 16. Qc2 Qc7 17. Bh3 f5 18. e4 cxd4 19. Qxc7 Nxc7 20. exf5 Be2 21. Re1 d3 22. Bb2 Ra5 23. Bc3 Rd5 24. Nd4 Nb5 25. Nxe2 dxe2 26. f6 Bxf6 27. Bxe6+ Kh8 28. Bxf6 Rxd2 29. Bc4 *

[Event "ETCC Open 2023"]
[Site "Budva"]
[Date "2023.11.18"]
[Round "7.68"]
[White "Veleshnja, Zino"]
[Black "Djurovic, Peko"]
[Result "0-1"]
[WhiteElo "2269"]
[BlackElo "2344"]
[Annotator "RC"]
[PlyCount "102"]
[EventDate "2023.11.10"]
[EventType "team-tourn"]
[EventCountry "MNE"]
[SourceTitle "playchess.com"]
[Source "ChessBase"]
[SourceQuality "1"]
[WhiteTeam "Albania"]
[BlackTeam "Montenegro"]
[WhiteTeamCountry "ALB"]
[BlackTeamCountry "MNE"]

1. d4 d5 2. c4 e6 3. Nc3 Nf6 4. cxd5 exd5 5. Bg5 Be7 6. e3 c6 7. Bd3 O-O 8. Nge2 Re8 9. Qc2 Nbd7 10. O-O h6 11. Bf4 Nf8 12. Rab1 b5 13. Rbc1 Be6 14. Nb1 Rc8 15. Nd2 N8d7 16. Nb3 a5 17. a4 bxa4 18. Nc5 Nxc5 19. dxc5 Nd7 20. Ba6 Nxc5 21. Bxc8 Qxc8 22. Nd4 Bd7 23. Rfe1 Bf8 24. f3 Qa6 25. Rcd1 Qb6 26. Kh1 g6 27. Re2 Nb3 28. Nxb3 axb3 29. Qd3 Bf5 30. Qd2 Bc2 31. Rde1 Bb4 32. Qd4 c5 33. Qxd5 Bxe1 34. Rxe1 a4 35. Ra1 Rd8 36. Qe5 g5 37. Bxg5 hxg5 38. Qxg5+ Bg6 39. h4 Kg7 40. Rxa4 Qf6 41. Qxc5 Qxb2 42. h5 Rh8 43. Rh4 Qf6 44. h6+ Rxh6 45. Rxh6 Kxh6 46. Qb4 Bc2 47. g4 Qxf3+ 48. Kh2 Qf2+ 49. Kh3 Qxe3+ 50. Kh4 Qg5+ 51. Kh3 Kh7 0-1

[Event "ETCC Open 2023"]
[Site "Budva"]
[Date "2023.11.18"]
[Round "7.69"]
[White "Gretarsson, Hjorvar Steinn"]
[Black "Muir, Andrew J"]
[Result "1-0"]
[WhiteElo "2518"]
[BlackElo "2227"]
[Annotator "RC"]
[PlyCount "81"]
[EventDate "2023.11.10"]
[EventType "team-tourn"]
[EventCountry "MNE"]
[SourceTitle "playchess.com"]
[Source "ChessBase"]
[SourceQuality "1"]
[WhiteTeam "Iceland"]
[BlackTeam "Scotland"]
[WhiteTeamCountry "ISL"]
[BlackTeamCountry "SCO"]

1. e4 c5 2. Nf3 Nc6 3. d4 cxd4 4. Nxd4 Nf6 5. Nc3 d6 6. Bg5 e6 7. Qd2 Be7 8. O-O-O O-O 9. f4 h6 10. h4 Nxd4 11. Qxd4 hxg5 12. hxg5 Ng4 13. Qd2 f5 14. g3 fxe4 15. Qe2 Bxg5 16. Qxg4 Bf6 17. Nxe4 d5 18. Qh5 Qe7 19. Ng5 g6 20. Qxg6+ Qg7 21. Qxg7+ Kxg7 22. Bd3 Bxg5 23. fxg5 e5 24. Rh7+ Kg8 25. Rdh1 Bg4 26. Rh8+ Kf7 27. R1h7+ Ke6 28. Rh6+ Ke7 29. R8h7+ Rf7 30. Bg6 Rxh7 31. Rxh7+ Ke6 32. Bf7+ Kd6 33. Rh6+ Ke7 34. Bxd5 Rd8 35. Rh7+ Kd6 36. Bxb7 Ke6 37. b4 Kf5 38. Re7 e4 39. Bxe4+ Kxg5 40. Rg7+ Kh5 41. Bd3 1-0

[Event "ETCC Open 2023"]
[Site "Budva"]
[Date "2023.11.18"]
[Round "7.70"]
[White "Morrison, Graham"]
[Black "Stefansson, Hannes"]
[Result "*"]
[WhiteElo "2221"]
[BlackElo "2518"]
[Annotator "RC"]
[PlyCount "64"]
[EventDate "2023.11.10"]
[EventType "team-tourn"]
[EventCountry "MNE"]
[SourceTitle "playchess.com"]
[Source "ChessBase"]
[SourceQuality "1"]
[WhiteTeam "Scotland"]
[BlackTeam "Iceland"]
[WhiteTeamCountry "SCO"]
[BlackTeamCountry "ISL"]

1. d4 Nf6 2. c4 e6 3. Nf3 b6 4. g3 Ba6 5. Qc2 Bb7 6. Bg2 c5 7. d5 exd5 8. cxd5 Nxd5 9. O-O Nc6 10. Rd1 Be7 11. Qa4 Nf6 12. Nh4 g6 13. Bh6 Bf8 14. Bxf8 Kxf8 15. Nc3 Kg7 16. Qf4 Re8 17. Rd6 Re6 18. Rad1 Qe7 19. R6d2 Rd8 20. Nd5 Nxd5 21. Bxd5 Rf6 22. Qc7 Ba8 23. e4 Nd4 24. Bxa8 Rxa8 25. e5 Rc6 26. Qb7 Qe8 27. Rxd4 cxd4 28. Rxd4 Rd8 29. Nf3 d6 30. Kg2 Qd7 31. Qa6 d5 32. Qd3 Qc8 *

[Event "ETCC Open 2023"]
[Site "Budva"]
[Date "2023.11.18"]
[Round "7.71"]
[White "Stefansson, Vignir Vatnar"]
[Black "Mitchell, Martin"]
[Result "1-0"]
[WhiteElo "2483"]
[BlackElo "2186"]
[Annotator "RC"]
[PlyCount "65"]
[EventDate "2023.11.10"]
[EventType "team-tourn"]
[EventCountry "MNE"]
[SourceTitle "playchess.com"]
[Source "ChessBase"]
[SourceQuality "1"]
[WhiteTeam "Iceland"]
[BlackTeam "Scotland"]
[WhiteTeamCountry "ISL"]
[BlackTeamCountry "SCO"]

1. d4 Nf6 2. c4 e6 3. Nf3 c5 4. d5 exd5 5. cxd5 d6 6. Nc3 g6 7. Nd2 Nbd7 8. e4 Bg7 9. Be2 O-O 10. O-O Re8 11. a4 Ne5 12. Ra3 a6 13. Re1 Qc7 14. f4 Neg4 15. Bc4 Bd7 16. h3 b5 17. axb5 axb5 18. Rxa8 Rxa8 19. Nxb5 Bxb5 20. hxg4 Qd7 21. g5 Nh5 22. Qf3 Bd4+ 23. Kh1 Re8 24. g4 Ng7 25. b3 f6 26. gxf6 Bxf6 27. Bxb5 Qxb5 28. Nc4 Qb8 29. Bd2 Bd4 30. Kg2 Qc7 31. Re2 Qb8 32. Qg3 g5 33. fxg5 1-0

[Event "ETCC Open 2023"]
[Site "Budva"]
[Date "2023.11.18"]
[Round "7.72"]
[White "Grant, Jonathan I M"]
[Black "Kjartansson, Gudmundur"]
[Result "0-1"]
[WhiteElo "2150"]
[BlackElo "2449"]
[Annotator "RC"]
[PlyCount "166"]
[EventDate "2023.11.10"]
[EventType "team-tourn"]
[EventCountry "MNE"]
[SourceTitle "playchess.com"]
[Source "ChessBase"]
[SourceQuality "1"]
[WhiteTeam "Scotland"]
[BlackTeam "Iceland"]
[WhiteTeamCountry "SCO"]
[BlackTeamCountry "ISL"]

1. c4 c6 2. Nf3 d5 3. e3 Nf6 4. Nc3 e6 5. b3 Bd6 6. Bb2 e5 7. cxd5 cxd5 8. Nb5 Nc6 9. Nxd6+ Qxd6 10. Bb5 e4 11. Nd4 O-O 12. Nxc6 bxc6 13. Be2 Re8 14. O-O Bf5 15. Rc1 Re6 16. f4 exf3 17. Bxf3 Bd3 18. Be2 Bxe2 19. Qxe2 Ne4 20. d3 Nf6 21. Bxf6 Rxf6 22. Rxf6 Qxf6 23. Qf3 Qe6 24. e4 Rd8 25. Qf5 Qh6 26. Rf1 Qe3+ 27. Kh1 f6 28. Qe6+ Kh8 29. Qe7 Rg8 30. h3 h6 31. Rf3 Qd4 32. exd5 cxd5 33. Qd7 a5 34. Rf5 Qxd3 35. Qxd5 Qb1+ 36. Kh2 Qxa2 37. Qb5 Qa3 38. Rd5 Ra8 39. Qb7 Qf8 40. Rd7 Rd8 41. Qd5 Rxd7 42. Qxd7 Qb8+ 43. Kh1 Qe5 44. Qf7 Kh7 45. Kg1 h5 46. Kh1 Kh6 47. Qc4 f5 48. Qc1+ f4 49. Qd1 h4 50. Qf1 g6 51. Qf2 Kg5 52. Qd2 Kh5 53. Qd1+ Kh6 54. Qd2 Qe3 55. Qd1 f3 56. gxf3 Qf2 57. Qc1+ Kh5 58. Qc3 Qf1+ 59. Kh2 Qf2+ 60. Kh1 Qf1+ 61. Kh2 Qe2+ 62. Kg1 Qd1+ 63. Kf2 Qd8 64. Qe5+ g5 65. Ke2 Qb6 66. f4 Qd8 67. f5 Qa8 68. Kd2 Qg2+ 69. Kc1 Qxh3 70. f6 Kg6 71. Kb2 Qd7 72. Ka3 h3 73. Qxa5 Qd6+ 74. b4 h2 75. Qa8 Qd3+ 76. Ka2 Qc2+ 77. Ka3 Qc1+ 78. Ka2 h1=Q 79. Qe8+ Kxf6 80. Qd8+ Ke5 81. Qe7+ Kf4 82. Qd6+ Kg4 83. Qd7+ Kg3 0-1

[Event "ETCC Open 2023"]
[Site "Budva"]
[Date "2023.11.18"]
[Round "7.73"]
[White "Sipila, Vilka"]
[Black "Nielsen, Hogni Egilstoft"]
[Result "1/2-1/2"]
[WhiteElo "2429"]
[BlackElo "2387"]
[Annotator "RC"]
[PlyCount "101"]
[EventDate "2023.11.10"]
[EventType "team-tourn"]
[EventCountry "MNE"]
[SourceTitle "playchess.com"]
[Source "ChessBase"]
[SourceQuality "1"]
[WhiteTeam "Finland"]
[BlackTeam "Faroe Islands"]
[WhiteTeamCountry "FIN"]
[BlackTeamCountry "FAI"]

1. e4 e5 2. Nf3 Nc6 3. Bb5 Nge7 4. Nc3 Ng6 5. h4 Nd4 6. h5 Nf4 7. g3 Nfe6 8. Be2 d6 9. Nd5 c6 10. Ne3 Be7 11. Bf1 O-O 12. Nh4 Bxh4 13. Rxh4 f5 14. Nxf5 Nxf5 15. exf5 Nd4 16. d3 Nxf5 17. Rh2 Qb6 18. h6 g6 19. c3 Nxg3 20. Qb3+ Qxb3 21. axb3 Nxf1 22. Kxf1 Bf5 23. Ke2 Be6 24. Rh4 Rf7 25. f4 exf4 26. Bxf4 Re8 27. Be3 a6 28. c4 Bf5 29. Kd2 Rfe7 30. Bf4 Re2+ 31. Kc3 R8e6 32. Rf1 Rg2 33. Rf3 Kf7 34. Bg3 c5 35. Rh2 Rxh2 36. Bxh2 Ke7 37. Bf4 Kd7 38. Re3 Rxe3 39. Bxe3 Kc6 40. d4 cxd4+ 41. Kxd4 Kd7 42. Kd5 Bc2 43. b4 Bd1 44. c5 Bf3+ 45. Kd4 d5 46. Ke5 Kc6 47. Bg5 Kd7 48. Be3 Be4 49. Bg5 Kc6 50. Kf6 Kd7 51. Ke5 1/2-1/2

[Event "ETCC Open 2023"]
[Site "Budva"]
[Date "2023.11.18"]
[Round "7.74"]
[White "Poulsen, Martin"]
[Black "Sammalvuo, Tapani"]
[Result "1-0"]
[WhiteElo "2291"]
[BlackElo "2381"]
[Annotator "RC"]
[PlyCount "83"]
[EventDate "2023.11.10"]
[EventType "team-tourn"]
[EventCountry "MNE"]
[SourceTitle "playchess.com"]
[Source "ChessBase"]
[SourceQuality "1"]
[WhiteTeam "Faroe Islands"]
[BlackTeam "Finland"]
[WhiteTeamCountry "FAI"]
[BlackTeamCountry "FIN"]

1. e4 e5 2. Nf3 Nf6 3. Nc3 Nc6 4. Bb5 Nd4 5. Bd3 Nxf3+ 6. Qxf3 d6 7. Bc4 Be7 8. d3 O-O 9. O-O Be6 10. Bxe6 fxe6 11. Qh3 Qd7 12. f4 exf4 13. Bxf4 e5 14. Qxd7 Nxd7 15. Be3 c6 16. Rxf8+ Nxf8 17. Kf2 Ne6 18. Ke2 Bd8 19. Nd1 Bb6 20. c3 Kf7 21. g3 Ke7 22. Bxb6 axb6 23. Ne3 g6 24. a3 Nc5 25. Rd1 b5 26. Ng4 Rf8 27. Nf2 Na4 28. Rd2 Nb6 29. Rd1 Ke6 30. Ng4 Na4 31. Rd2 d5 32. d4 exd4 33. exd5+ Kxd5 34. Rxd4+ Kc5 35. Rd2 Kc4 36. Ne5+ Kb3 37. Nd3 Re8+ 38. Kd1 Rf8 39. Nc1+ Kc4 40. Kc2 Nb6 41. Rd4+ Kc5 42. b4# 1-0